Catálogo público

Preparación y evaluación de proyectos (Record no. 75387)

MARC details
000 -CABECERA
campo de control de longitud fija 01371cam a22003617a 4500
003 - IDENTIFICADOR DEL NÚMERO DE CONTROL
campo de control CHAP
005 - FECHA Y HORA DE LA ÚLTIMA TRANSACCIÓN
campo de control 20220329141907.0
008 - DATOS DE LONGITUD FIJA--INFORMACIÓN GENERAL
campo de control de longitud fija 980423d1995 co r 00110 spa d
010 ## - NÚMERO DE CONTROL DE LA BIBLIOTECA DEL CONGRESO
Número de control de LC 75387
011 ## - ENLACE DEL NUMERO DE CONTROL DE LA BIBLIOTECA DEL CONGRESO [OBSOLETO]
Número de control de LC 76359
020 ## - NÚMERO INTERNACIONAL ESTÁNDAR DEL LIBRO
Número Internacional Estándar del Libro 9586003388
035 ## - NÚMERO DE CONTROL DEL SISTEMA
Número de control de sistema 85942
040 ## - FUENTE DE LA CATALOGACIÓN
Centro/agencia transcriptor CHAP
082 04 - NÚMERO DE LA CLASIFICACIÓN DECIMAL DEWEY
Número de clasificación 332.67
Número de documento/Ítem S3 1995
100 00 - ENTRADA PRINCIPAL--NOMBRE DE PERSONA
Nombre de persona Sapag Chain, Nassir.
9 (RLIN) 102589
245 10 - MENCIÓN DE TÍTULO
Título Preparación y evaluación de proyectos
Mención de responsabilidad, etc. /por Nassir Sapag Chain y Reinaldo Sapag Chain
250 ## - MENCIÓN DE EDICIÓN
Mención de edición 3 ed.
260 ## - PUBLICACIÓN, DISTRIBUCIÓN, ETC.
Lugar de publicación, distribución, etc. México, D. F. :
Nombre del editor, distribuidor, etc. McGraw-Hill,
Fecha de publicación, distribución, etc. 1995.
300 ## - DESCRIPCIÓN FÍSICA
Extensión 404. :
Otras características físicas cuadros .; gráfs.
590 ## - NOTA LOCAL (RLIN)
Nota local BATCH-UPD
Procedencia (VM) [OBSOLETO] 10
Condición del los carretes individuales (VM) [OBSOLETO] 20130110
-- UCH01
-- 1257
590 ## - NOTA LOCAL (RLIN)
Nota local BATCH-UPD
Procedencia (VM) [OBSOLETO] 10
Condición del los carretes individuales (VM) [OBSOLETO] 20130410
-- UCH01
-- 0816
590 ## - NOTA LOCAL (RLIN)
Nota local BATCH-UPD
Procedencia (VM) [OBSOLETO] 10
Condición del los carretes individuales (VM) [OBSOLETO] 20130914
-- UCH01
-- 1944
590 ## - NOTA LOCAL (RLIN)
Nota local CONVERSION
Procedencia (VM) [OBSOLETO] 10
Condición del los carretes individuales (VM) [OBSOLETO] 20130109
-- UCH01
-- 1341
650 14 - PUNTO DE ACCESO ADICIONAL DE MATERIA--TÉRMINO DE MATERIA
Término de materia o nombre geográfico como elemento de entrada Proyectos
Subdivisión general Evaluación.
9 (RLIN) 92525
700 0# - PUNTO DE ACCESO ADICIONAL--NOMBRE DE PERSONA
Nombre de persona Sapag Chain, Reinaldo.
9 (RLIN) 102590
901 ## - ELEMENTOS DE DATOS A LOCAL LDA (RLIN)
a BK
905 ## - ELEMENTOS DE DATOS E LOCAL, LDE (RLIN)
a Lilia Sánchez G.
942 ## - ELEMENTOS DE PUNTO DE ACCESO ADICIONAL (KOHA)
Tipo de ítem Koha Libro
949 ## - PROCESAMIENTO DE INFORMACIÓN LOCAL (OCLC)
a 332.67 S3 1995
b BC
c LIBRO
d 33724000594362
e LIBRO
g I. 191457
h 93153
i 85942
s i
t $107.00
949 ## - PROCESAMIENTO DE INFORMACIÓN LOCAL (OCLC)
a 332.67 S3 1995
b BC
c LIBRO
d 33724000594370
e LIBRO
f c.2
g I. 191458
h 93154
i 85942
s i
t $107.00
949 ## - PROCESAMIENTO DE INFORMACIÓN LOCAL (OCLC)
a 332.67 S3 1995
b BC
c LIBRO
d 33724000680740
e LIBRO
f c.4
g I.194446
h 94169
i 85942
s i
t $160.00
949 ## - PROCESAMIENTO DE INFORMACIÓN LOCAL (OCLC)
a 332.67 S3 1995
b BC
c LIBRO
d 33724000720389
e LIBRO
f c.3
h 6472
i 85942
m sust. a 338.9 L48Y
s i
Holdings
Estado de retiro Estado de pérdida Fuente del sistema de clasificación o colocación Estado dañado Restricciones de uso No para préstamo Código de colección Localización permanente Ubicación/localización actual Ubicación en estantería Fecha de adquisición Fuente de adquisición Información codificada de la localización en otra ubicación Total de préstamos Signatura topográfica completa Código de barras Fecha visto por última vez Número de copia Precio válido a partir de Tipo de ítem Koha
    Dewey Decimal Classification   Préstamo 15 días   General Biblioteca Central Biblioteca Central Planta alta - Colección General 31/12/2019 I. 191457 LIBRO   332.67 S3 1995 33724000720389 31/12/2019 c.3 31/12/2019 Libro
    Dewey Decimal Classification   Préstamo 15 días   General Biblioteca Central Biblioteca Central Planta alta - Colección General 31/12/2019 I. 191458 LIBRO   332.67 S3 1995 33724000594362 31/12/2019   31/12/2019 Libro
    Dewey Decimal Classification   Préstamo 15 días   General Biblioteca Central Biblioteca Central Planta alta - Colección General 31/12/2019 I.194446 LIBRO   332.67 S3 1995 33724000594370 31/12/2019 c.2 31/12/2019 Libro
    Dewey Decimal Classification   Préstamo 15 días   General Biblioteca Central Biblioteca Central Planta alta - Colección General 31/12/2019   LIBRO   332.67 S3 1995 33724000680740 31/12/2019 c.4 31/12/2019 Libro